000 00626nam a22001937a 4500
005 20260212142521.0
010 _aENG-147813
020 _a9789391766634
_c495.00
035 _aEN-131345
037 _bDBAD
082 _a158.4
_21
100 _aSharma, Sudesh
_987353
245 _aFrom Dream to Sucess:
_bHow to Choose the Right Career?/
_cSudesh Sharma
250 _a1
260 _aNew Delhi
_bAtharv Publications
_c2025
270 _bNew Delhi
_a110, Ist Floor, Gali No. 4, Harphool Vihar, Bapraula
_e110043
_matharvpublications@gmail.com
300 _a136p.
_c22cm(pb)
942 _2ddc
_cEN
_h158.4
_mSHA
999 _c214847
_d214847